|
|
|
|
| LEADER |
02192nam a22003973i 4500 |
| 001 |
EBC6761900 |
| 003 |
MiAaPQ |
| 005 |
20231204023219.0 |
| 006 |
m o d | |
| 007 |
cr cnu|||||||| |
| 008 |
231204s2020 xx o ||||0 ger d |
| 020 |
|
|
|a 9783839448748
|q (electronic bk.)
|
| 020 |
|
|
|z 9783837648744
|
| 035 |
|
|
|a (MiAaPQ)EBC6761900
|
| 035 |
|
|
|a (Au-PeEL)EBL6761900
|
| 035 |
|
|
|a (OCoLC)1198929166
|
| 040 |
|
|
|a MiAaPQ
|b eng
|e rda
|e pn
|c MiAaPQ
|d MiAaPQ
|
| 100 |
1 |
|
|a Barlieb, Christophe.
|
| 245 |
1 |
0 |
|a Media Agency - Neue Ansätze zur Medialität in der Architektur.
|
| 250 |
|
|
|a 1st ed.
|
| 264 |
|
1 |
|a Bielefeld :
|b transcript,
|c 2020.
|
| 264 |
|
4 |
|c {copy}2020.
|
| 300 |
|
|
|a 1 online resource (224 pages)
|
| 336 |
|
|
|a text
|b txt
|2 rdacontent
|
| 337 |
|
|
|a computer
|b c
|2 rdamedia
|
| 338 |
|
|
|a online resource
|b cr
|2 rdacarrier
|
| 490 |
1 |
|
|a ArchitekturDenken ;
|v v.10
|
| 505 |
0 |
|
|a Intro -- Inhalt -- Einleitung -- „Nicht alle Mittel sind auch Medien". Die Media-Agency-Theorie -- Die Debatte über Agency in der Architekturtheorie -- Manifeste, Diskurse, Chatter. Sprache als Medium der Architektur -- Über die Wirkmacht der Linie: Hadids Kalligramme -- Skizzen von Diagrammen und Diagramme von Skizzen -- Fotografie und Entwerfen -- Experimentelles Entwerfen: Methoden des kontrollierten Kontrollverlusts -- Architektonischer Entwurf und differenzierte Mediennutzung -- Hacking Agency: Digitale Fabrikation als Entwurfsmedium -- Cybercraft: Das neue Paradigma -- Bildnachweise -- AutorInnen.
|
| 588 |
|
|
|a Description based on publisher supplied metadata and other sources.
|
| 590 |
|
|
|a Electronic reproduction. Ann Arbor, Michigan : ProQuest Ebook Central, 2023. Available via World Wide Web. Access may be limited to ProQuest Ebook Central affiliated libraries.
|
| 655 |
|
4 |
|a Electronic books.
|
| 700 |
1 |
|
|a Gasperoni, Lidia.
|
| 776 |
0 |
8 |
|i Print version:
|a Barlieb, Christophe
|t Media Agency - Neue Ansätze zur Medialität in der Architektur
|d Bielefeld : transcript,c2020
|z 9783837648744
|
| 797 |
2 |
|
|a ProQuest (Firm)
|
| 830 |
|
0 |
|a ArchitekturDenken
|
| 856 |
4 |
0 |
|u https://ebookcentral.proquest.com/lib/matrademy/detail.action?docID=6761900
|z Click to View
|